000 01127nmm a2200325 a 4500
001 ocm000924479
003 TR-IsHL
005 20201028145232.0
008 150110s2011 tu tur
007 cr cn
020 _a9786055904302
035 _a924479
_b(N$T)
050 0 4 _aB721
_b.Ç68 2011
090 0 4 _aB721
_b.Ç68 2011
100 1 _aÇotuksöken, Betül
245 1 0 _aOrtaçağ yazıları
_h[electronic resource] /
_cBetül Çotuksöken ; editör Kaan Özkan
250 _agözd. gçr. ve genişletilmiş yeni basım
260 _aİstanbul :
_bNotos Kitap Yayınevi,
_c2011
300 _a353 p.
500 _aKaynakça: s.(228-232). Dizin vardır.
_x
650 4 _aFelsefe, Psikoloji ve Din
650 4 _aPhilosophy, Psychology and Religion
650 0 _aFelsefe, ortaçağ
_x Derleme çalışmalar
650 0 _aPhilosophy, medieval
_x Collected works
650 0 _aFelsefe, Antik
650 0 _aPhilosophy, Ancient
650 7 _aPHILOSOPHY / General
_2bisacsh
700 1 _aÖzkan, Kaan
856 4 0 _uhttp://search.ebscohost.com/login.aspx?direct=true&scope=site&db=e011xww&AN=924479
999 _c9848
_d9848